000 00698nam a2200193 i 4500
001 bgj
100 1 _aLOPEZ, Robert Sabatino
_d(1910- )
245 1 0 _aThe Birth of Europe /
_c[by] Robert Sabatino Lopez.
260 _aNew York :
_bM. Evans and Company, Inc.,
_c1967
_aPhiladelphia=
_band distributed in association with J. B. Lippincott Company.
300 _aXXIII, 442 pp :
_bill. (part col.), maps (part col.), plans ;
_c26 cm.
500 _aTranslation of Naissance de l'Europe.
504 _aBibliography p. [403]-406.
505 _aIncludes indexes.
650 9 _aCivilization, Western
040 _cBPK
041 0 _aeng
_hfre
942 _cKS
008 s uk f |000 0 eng
999 _c47851
_d47851